000 00309pab a2200109 454500
008 180718b xxu||||| |||| 00| 0 eng d
100 _aMallick, Masanta Kumar
245 _aAmbedkar and his movement for social equality
650 _aAmbedkar, B.R. - Criticism and Interpretation
773 _aMainstream
909 _a636
999 _c636
_d636